Kuvavisa: Aasian suurimmat M:llä alkavat kaupungit - Statistics

Yleistilastot
  • Tätä visaa on pelattu 23 kertaa
  • Keskiarvotulos 6 / 16
Vastaustilastot
Kuvavisa Hint Vastaus % Oikein
🇵🇭 25 440 000 Manila
100%
🇸🇦 2 390 000 Mekka
95%
🇮🇳 18 390 000 Mumbai
89%
🇲🇲 1 230 000 Mandalay
58%
🇮🇷 3 000 000 Mašhad
58%
🇸🇦 1 410 000 Medina
47%
🇮🇩 2 100 000 Medan
37%
🇮🇶 1 360 000 Mosul
37%
🇵🇰 1 870 000 Multān
32%
🇮🇳 1 470 000 Madurai
11%
🇹🇷 1 040 000 Mersin
11%
🇮🇩 1 330 000 Makassar
5%
🇮🇳 1 700 000 Malappuram
5%
🇨🇳 1 310 000 Màomíng
5%
🇮🇳 1 420 000 Meerut
5%
🇨🇳 1 550 000 Miányáng
5%
Ehtoja vastaavia visoja ei löytynyt
Tulosjakauma
Jokaisen tuloksen saaneiden osuus
Persentiili vastausten määrän mukaan
Tuloshistoriasi
Et ole pelannut tätä visaa